Представление документа в формате MARC21

Поле Инд. ПП Название Значение
Тип записи a
Библиографический уровень b
001 Контрольный номер RU/IS/BASE/148579342
005 Дата корректировки 20200630193127.7
084 a Индекс другой классификации/Индекс ББК 66.3(2Рос),54; 60.545.1; 60.562.5; 81.006.2; 67.400.51
097 00 a 730
100 10 a Автор Рязанцев В. В.
100 1_ a Автор Одинцов А. А.
245 00 a Заглавие Федеративные проблемы Российской государственности
504 00 a Библиография Библиогр. ссылки
650 04 a Основная рубрика внутренняя политика
a Основная рубрика конституционное право (государственное право)
a Основная рубрика политика
a Основная рубрика право
a Основная рубрика социолингвистика
a Основная рубрика социология
a Основная рубрика филологические науки
a Основная рубрика этносоциология
a Основная рубрика языкознание
a Основная рубрика социология групп
653 00 a Ключевые слова государственное устройство
a Ключевые слова национальная политика (этнополитика)
a Ключевые слова политическая социология
a Ключевые слова правовая политика
a Ключевые слова Россия
a Ключевые слова русскоязычное население
a Ключевые слова титульное население
a Ключевые слова федерализм
a Ключевые слова федеральная политика
a Ключевые слова федеративное устройство
a Ключевые слова этнический федерализм
a Ключевые слова языковая политика
773 00 t Заглавие источника Вестник Московского университета. Серия 18, Социология и политология
d Дата издания источника 2001
g Прочая информация № 1. - С. 44 - 65 : табл.
w Контрольный № источника RU/IS/BASE/148578682
901 t Тип документа b